| 000 | 00506nam a22001937a 4500 | ||
|---|---|---|---|
| 005 | 20260515114944.0 | ||
| 008 | 230627b ||||| |||| 00| 0 eng d | ||
| 020 | _a9789385934575 | ||
| 040 |
_aIN-DiNC _cIN-DiNC |
||
| 041 | _dasm | ||
| 082 |
_a891.4513 _bBAS |
||
| 245 |
_aBasarar galpa 2017/ _cedited by Saumitra Jogee |
||
| 250 | _a1st ed. | ||
| 260 |
_aGuwahati: _bAank baak, _c2017. |
||
| 300 | _a311p. | ||
| 650 | _aAssamese short stories | ||
| 700 |
_aJogee, Saumitra _eEditor |
||
| 942 |
_2ddc _cBK |
||
| 999 |
_c11549 _d11549 |
||